000 00482pab a2200193 454500
008 180718b2014 xxu||||| |||| 00| 0 eng d
100 _aSrikanth, Maram
245 _aCredit risk management in Indian banks - An empirical assessment
260 _c2014
300 _ap.157-172.
362 _aJun
650 _aBanks - India
650 _aCredit - India
650 _aBanks
700 _aKishore, Brij
773 _aAsian Economic Review
908 _aN
909 _a104624
999 _c104620
_d104620